| 000 | 00435nam a22001817a 4500 | ||
|---|---|---|---|
| 003 | MPLRDC | ||
| 005 | 20220104113533.0 | ||
| 008 | 210129b ||||| |||| 00| 0 eng d | ||
| 082 | _a782.881 LX | ||
| 100 | _a郑学稼 | ||
| 245 |
_a鲁迅正传 _c |
||
| 250 | _a初版六刷 | ||
| 260 |
_a _b时报文化出版事业有限 _c1985 |
||
| 300 | _b平 | ||
| 490 | _a人间丛书. 17 | ||
| 650 | _a鲁迅传记 | ||
| 942 |
_cBK _o782.881 LX |
||
| 999 |
_c420 _d410 |
||